| 000 | 00888cab a2200241 4500 | ||
|---|---|---|---|
| 001 | ABS55639 | ||
| 008 | 090401t1996 xxu||||| |||| 00| 0 eng d | ||
| 035 | _a(Sirsi) u17711 | ||
| 041 | _aeng | ||
| 100 | _aMilne, R. | ||
| 245 | _aCentral question mark over works legislation | ||
| 260 | _c1996 | ||
| 350 | _a0 | ||
| 490 |
_aPlanning (for the Natural and Built Environment) _v(1180) 2 August 1996, 8-9(2) |
||
| 520 | _aThe Central Railway project aimed at providing a freight line between the Midlands and Channel Tunnel has been rejected by the House of Commons. Raises questions about the operation of the Transport and Works Act 1992. | ||
| 650 | _aCENTRAL RAILWAY PROJECT | ||
| 650 | _aCHANNEL TUNNEL FREIGHT LINK | ||
| 650 | _aFREIGHT MOVEMENT | ||
| 650 | _aTRANSPORT AND WORKS ACT 1992 | ||
| 690 | _aTRANSPORT AND COMMUNICATIONS | ||
| 942 | _n0 | ||
| 948 | _c04/03/1997 | ||
| 999 |
_c11745 _d11745 |
||